Chelsea Captains - Statistics

General Stats
  • This quiz has been taken 53 times
  • The average score is 4 of 17
Answer Stats
Hint Answer % Correct
2004-2017 John Terry
94%
2023- Reece James
84%
2019-2023 Cesar Azpilicueta
73%
2017-2019 Gary Cahill
63%
1993-2001 Dennis Wise
49%
2001-2004 Marcel Desailly
35%
1966-1980 Ron Harris
14%
1991-1993 Andy Townsend
8%
1953-1956 Roy Bentley
4%
1988-1990 Graham Roberts
2%
1980-1984 Micky Droy
2%
1984-1988 Colin Pates
0%
1957-1959 Derek Saunders
0%
1959-1964 Frank Blunstone
0%
1956-1957 Ken Armstrong
0%
1990-1991 Peter Nicholas
0%
1964-1966 Terry Venables
0%
No matching quizzes found
Score Distribution
Percent of People with Each Score
Percentile by Number Answered
Your Score History
You have not taken this quiz